[Event "Quebec-ch Senior"]
[Site "Montreal"]
[Date "2018.04.22"]
[Round "4.8"]
[White "Michaud, Luc"]
[Black "Rabutki, Dmitri"]
[Result "1/2-1/2"]
[WhiteElo "1714"]
[BlackElo "1610"]
[PlyCount "87"]
[EventDate "2018.04.20"]
[EventType "swiss"]
[EventRounds "5"]
[EventCountry "CAN"]
[SourceTitle "EXT 2022"]
[Source "ChessBase"]
[SourceDate "2021.10.06"]
[SourceVersion "1"]
[SourceVersionDate "2021.10.06"]
[SourceQuality "1"]

1. d4 d5 2. Nf3 e6 3. Bf4 Bd6 4. e3 Bxf4 5. exf4 Nc6 6. c3 Nf6 7. Bd3 Bd7 8. Nbd2 Ne7 9. 0-0 Nh5 10. g3 Ng6 11. Ne5 Nf6 12. Re1 Ne7 13. Qc2 h6 14. Ndf3 0-0 15. Nh4 Ne8 16. Re3 f5 17. Rae1 Nf6 18. f3 Nh7 19. Nxd7 Qxd7 20. Rxe6 Rae8 21. Qe2 Kf7 22. Qe5 g6 23. Qe2 Nf6 24. Qc2 a6 25. h3 Nh5 26. Kf2 Ng7 27. R6e2 Nc6 28. g4 Rxe2+ 29. Rxe2 Ne7 30. Re5 Nc6 31. Re1 Ne7 32. Kg3 Kg8 33. Kg2 Qd6 34. Kf2 Ne6 35. Qd2 Kg7 36. Qe3 Kf7 37. Qe5 Qxe5 38. fxe5 Kg7 39. Rf1 Ng5 40. Kg3 Ne6 41. f4 Kh7 42. Be2 c6 43. Ng2 Kg8 44. Ne3 1/2-1/2